| 000 | 00473nam a22001577a 4500 | ||
|---|---|---|---|
| 005 | 20251108164223.0 | ||
| 008 | 250721s1985 xx 000 0 ara d | ||
| 082 | 1 | 4 | _a617.7/سمي |
| 100 | 1 | _aأنطاكي، سمير | |
| 245 | 1 | 0 | _aالعينية المصورة للطبيب الممارس و طالب الطب / |
| 264 | 1 |
_aميلانو : _bمؤسسة الديار، _c1985. |
|
| 300 | _a232ص | ||
| 650 | 1 | 7 | _aأمراض العين |
| 942 |
_2ddc _cBK |
||
| 999 |
_c6699 _d6699 |
||